• 首页
  • 本馆介绍
  • 公告通知
  • 最新文献
  • 馆藏检索
  • 电子资源
  • 读者导购
  • 参考咨询
  • 我的图书馆
  • 登录
  • 详细信息显示
  • 放入我的书架
  • 预约/预借图书
  • 作者相关作品
  • 分类相关作品
  • 丛书相关作品
  • 出版社相关作品

书目信息

  • 表格格式
  • 工作单格式
  • 卡片格式
题名:
材料物理性能与检测
    
 
作者: 吴雪梅 主编 ;诸葛兰剑 编著
分册:  
出版信息: 北京   科学出版社  2012.01
页数: 10,414页
开本: 24cm
丛书名:
单 册:
中图分类: TB303.2
科图分类:
主题词: 工程材料--物理性能--性能检测--研究生--教材 , 工程材料 , 物理性能
电子资源:
ISBN: 978-7-03-032951-6
000 00973nam0 2200277 450
001 010050028714
005 20130427084832.10
010    @a978-7-03-032951-6@dCNY78.00
100    @a20120229d2012 em y0chiy0110 ea
101 0  @achi
102    @aCN@b110000
105    @aa z 000yy
106    @ar
200 1  @a材料物理性能与检测@9cai liao wu li xing neng yu jian ce@f吴雪梅主编@g诸葛兰剑[等]编著
210    @a北京@c科学出版社@d2012.01
215    @a10,414页@c图@d24cm
300    @a苏州大学研究生优秀教材建设资助项目
330    @a本书系统介绍了材料物理性能的基本概念及其物理本质、影响材料物理性能的因素、提高材料物理性能的措施以及物理性能的检测原理和方法等。
606 0  @a工程材料@x物理性能@x性能检测@x研究生@j教材
606 0  @a工程材料
606 0  @a物理性能
690    @aTB303.2@v5
701  0 @a吴雪梅@9wu xue mei@c(女,@f1967~)@4主编
702  0 @a诸葛兰剑@9zhu ge lan jian@f(1965~)@4编著
801  0 @aCN@bNLC@c20120521
905    @b542405-08@dTB303.2@e220@f4
    
    材料物理性能与检测/吴雪梅主编/诸葛兰剑[等]编著.-北京:科学出版社,2012.01
    10,414页:图;24cm
    苏州大学研究生优秀教材建设资助项目
    
    ISBN 978-7-03-032951-6:CNY78.00
    本书系统介绍了材料物理性能的基本概念及其物理本质、影响材料物理性能的因素、提高材料物理性能的措施以及物理性能的检测原理和方法等。
●
相关链接 在E读中查询图书 在五车中查询图书 在当当中查询图书 在豆瓣中查询图书


正题名:材料物理性能与检测     索取号:TB303.2/220         预约/预借

序号 登录号 条形码 馆藏地/架位号 状态 备注
1 542405   205424058   第二样本阅览室/ [索取号:TB303.2/220] 在馆    
2 542406   205424067   第三借阅区/ [索取号:TB303.2/220] 在馆    
3 542407   205424076   第三借阅区/ [索取号:TB303.2/220] 在馆    
4 542408   205424085   密集书库-化学系/ [索取号:TB303.2/220] 在馆    
唐山师范学院图书馆 欢迎您!
大连网信软件有限公司© 版权所有